PERINTAH-PERINTAH AM BAB "A" - BAB "G" : (HINGGA 15HB OKTOBER 2018)

Bibliographic Details
Corporate Author: Lembaga Penyelidikan Undang-Undang (Editor)
Format: Book
Language:Malay
Published: Petaling Jaya : International Law Book Services 2018
Series:UNDANG-UNDANG MALAYSIA
Subjects:

MARC

LEADER 00000cam a2200000 7i4500
001 0000028869
005 20200701.0
008 200701 my may
020 |a 9789678927543 
040 |a INS   |b eng   |e rda 
090 0 0 |a JQ715.A6   |b P47 2018 
110 1 |a Malaysia   |e jurisdiction governed 
245 1 0 |a PERINTAH-PERINTAH AM BAB "A" - BAB "G" :   |b (HINGGA 15HB OKTOBER 2018)   |c Disusun oleh : Lembaga Penyelidikan Undang-Undang 
264 1 |a Petaling Jaya :   |b International Law Book Services   |c 2018 
300 |a 290 pages ;   |c 24 cm. 
336 |a text  |2 rdacontent 
337 |a unmediated  |2 rdamedia 
338 |a volume  |2 rdacarrier 
490 1 |a UNDANG-UNDANG MALAYSIA 
650 0 |a Civil service   |z Malaysia 
651 0 |a Malaysia   |x Officials and employees 
710 2 |a Lembaga Penyelidikan Undang-Undang   |e editor 
999 |a 1000004010   |b BOOK   |c Acts   |e Default branch 
999 |a 1000004011   |b BOOK   |c Acts   |e Default branch